| 000 | 00941cgm a2200265 4500 | ||
|---|---|---|---|
| 001 | E2210 | ||
| 008 | 090401t1994 xxu||||| |||| 00| 0 eng d | ||
| 035 | _a(Sirsi) u38139 | ||
| 041 | _aeng | ||
| 050 | _a347.41067 | ||
| 100 | _aThomas, Mark | ||
| 245 | 4 | _aThe expert witness: edition no.2 (sound recording) | |
| 260 |
_aLondon _bRoyal Institution of Chartered Surveyors _c1994 |
||
| 300 | _a1 sound cassette (60 min.) | ||
| 350 | _a10.77 | ||
| 490 | _aOwlion Audio Programme | ||
| 520 | _aPublished jointly with the College of Estate Management . This programme eplains the necessary court room skills, the ideal behaviour under cross examination, the required quality of the expert`s report writing and the legal standin of the expert witness. | ||
| 650 | _aAUDIO CASSETTES | ||
| 650 |
_aEXPERT WITNESS _96239 |
||
| 690 | _aLAW | ||
| 700 | _aReynolds, Kirk | ||
| 700 | _aGillett, Alan | ||
| 942 | _n0 | ||
| 948 | _c04/03/1997 | ||
| 999 |
_c85228 _d85228 |
||